| Tag |
First Indicator |
Second Indicator |
Subfields |
| LEADER |
00000cam a2200000 a 4500 |
| 001 |
in00002139455 |
| 006 |
m e d # |
| 007 |
cr mn mmmmabba |
| 008 |
830817s1762 ctu s 000 0 eng d |
| 005 |
20260330213417.4 |
| 035 |
|
|
|z w012247
|
| 035 |
|
|
|a MAAR8308173902B
|
| 035 |
|
|
|9 mwa91-31770
|
| 035 |
|
|
|a 317187
|
| 035 |
|
|
|a aas03012247
|
| 040 |
|
|
|a MWA
|c MWA
|e bdrb
|d UtOrBLW
|
| 100 |
1 |
|
|a Devotion, Ebenezer,
|d 1714-1771.
|
| 245 |
1 |
0 |
|a Fortitude, love and a sound judgment, very needful qalifications [as printed] for the Christian minister :
|b A sermon delivered at the ordination of the Reverend Mr. Enoch Huntington, to the pastoral-office, over the First Church and Congregation, in Middletown, on the sixth day of January, 1762. /
|c By Ebenezer Devotion, A.M. Pastor of a church in Windham.
|
| 264 |
|
3 |
|a New-Haven :
|b Printed by James Parker and Company, at the post-office,
|c 1762.
|
| 300 |
|
|
|a 20 pages ;
|c 25 cm. (quarto)
|
| 336 |
|
|
|a text
|b txt
|2 rdacontent
|
| 337 |
|
|
|a computer
|b c
|2 rdamedia
|
| 338 |
|
|
|a online resource
|b cr
|2 rdacarrier
|
| 510 |
4 |
|
|a Evans
|c 9104
|
| 510 |
4 |
|
|a Trumbull, J.H. Connecticut,
|c 573
|
| 530 |
|
|
|a Microform version available in the Readex Early American Imprints series.
|
| 533 |
|
|
|a Electronic text and image data.
|b [Chester, Vt. :
|c Readex, a division of Newsbank, Inc.,
|d 2002-2004.
|e Includes files in TIFF, GIF and PDF formats with inclusion of keyword searchable text.
|f (Early American imprints. First series ; no. 9104).
|
| 500 |
|
|
|a Electronic resource.
|
| 600 |
1 |
0 |
|a Huntington, Enoch,
|d 1739-1809.
|
| 655 |
|
7 |
|a Ordination sermons
|y 1762.
|2 rbgenr
|
| 710 |
2 |
|
|a First Congregational Church (Middletown, Conn.)
|
| 752 |
|
|
|a United States
|b Connecticut
|d New Haven.
|
| 830 |
|
0 |
|a Early American imprints.
|n Series I,
|p Evans (1639-1800) ;
|v no. 9104.
|
| 856 |
4 |
1 |
|u http://proxy.library.tamu.edu/login?url=https://opac.newsbank.com/select/evans/9104
|y Evans Digital Edition
|t 0
|
| 999 |
|
|
|a MARS
|
| 999 |
f |
f |
|s dcac332a-10bf-399f-a4c0-ad2a3dcb5854
|i 1ee6fcb3-c4f5-3ba0-ae83-08538c23053e
|t 0
|
| 952 |
f |
f |
|a Texas A&M University
|b College Station
|c Electronic Resources
|s www_evans
|d Available Online
|t 0
|h No information provided
|
| 998 |
f |
f |
|t 0
|l Available Online
|